000 00253nam a2200109Ia 4500
008 190913s9999||||xx |||||||||||||| ||und||
100 _aJulian Templeman
245 0 _aVisual Studio.net
260 _aUSA
_b McGraw Hill
_c1994
300 _a159
942 _cBK
999 _c8181
_d8181